000 00644nam a22001937a 4500
003 OSt
005 20140310182351.0
008 130930t xxu||||| |||| 00| 0 eng d
020 _a038081111292
050 _aMT 245
_b.P132 1994
082 _aGS 786.2
_bP1 1994
100 _aPalmer, Willars A.
_922182
245 _aAlfred's basic piano library all-in-one course :
_blesson. theory. solo /
_cWillard Palmer, Morton Manus, Amanda Vick Lethco; illustrations by Christine Finn.
260 _aUSA :
_bAlfred Publishing,
_c1994
300 _a71 p. :
_bill. col. ;
_c23 cm.
650 _aPiano
_xLesson
_922183
942 _2lcc
_cBK-GS
999 _c12371
_d12371